Statistics for Don't Stop Me Now by Queen Lyrics

Click here to take the quiz!

General Stats

  • This quiz has been taken 4,188 times
  • The average score is 20 of 28

Answer Stats

HintAnswer% Correct
Cause I'm having agood time
88%
Tonight I'm gonna have myselfa real good time
85%
Don't stopme now
84%
Two hundreddegrees
82%
I'm traveling at thespeed of light
82%
havinga good time
81%
Don'tstop me now
80%
I'm gonna go go go there's nostopping me
78%
I'm having aball
77%
I'm a rocket ship on my way toMars
76%
If you wanna have a good time justgive me a call
76%
Don't stop me now I'm havingsuch a good time
75%
That's why they call meMister Fahrenheit
75%
I'm a shooting star leaping throughthe skies
74%
About to oh oh oh oh ohexplode
71%
Like a tiger defyingthe laws of gravity
71%
Sodon't stop me now
70%
I wanna make asupersonic man out of you
69%
I'm burning through the skiesyeah
69%
I floating around inecstasy
68%
I am a sex machine ready toreload
63%
I don't want to stopat all
60%
I'm a racing car passing by likeLady Godiva
59%
On acollision course
59%
I'mout of control
55%
I feel alive and the world turn itinside out yeah
54%
I am asatellite
53%
Like anatom bomb
53%

Score Distribution

Percentile by Number Answered

Percent of People with Each Score

Your Score History

You have not taken this quiz